Les transferts des joueurs les plus élevés de l'histoire #2 - Statistiques

Statistiques générales
  • Ce quiz a été pris 53 fois
  • Le résultat moyen est 11 sur 13
Statistiques - réponses
Rang Date Montant De A Joueurs % Correct
#20 2023 90 millions Paris Saint-Germain Al-Hilal Neymar Jr
98%
#18 2023 95 millions Tottenham Hotspur Bayern Munich Harry Kane
94%
#14 2018 112 millions Real Madrid Juventus Cristiano Ronaldo
92%
#19 2009 94 millions Manchester United Real Madrid Cristiano Ronaldo
92%
#11 2023 116,6 millions West Ham United Arsenal FC Declan Rice
90%
#16 2013 100,8 millions Tottenham Hotspur Real Madrid Gareth Bale
90%
#15 2016 105 millions Juventus Manchester United Paul Pogba
83%
#17 2022 95 millions Ajax Amsterdam Manchester United Antony
77%
#20 2022 90 millions Benfica Lisbonne Liverpool FC Darwin Nunez
77%
#20 2023 90 millions RB Leipzig Manchester City Josko Gvardiol
77%
#13 2021 115 millions Inter Milan Chelsea FC Romelu Lukaku
77%
#12 2023 116 millions Brighton & Hove Albion Chelsea FC Moisés Caicedo
67%
#20 2016 90 millions SSC Naples Juventus Gonzalo Higuain
65%
Aucun quiz correspondant
Distribution des résultats
% des personnes avec chaque résultat
Percentile par nombre de réponses
Votre historique - résultats
Vous n’avez pas pris ce quiz